00307nam a2200109Ia 4500008004100000082000800041100001900049245001300068942000600081952009500087999001500182240331s9999 xx 000 0 und d bKRI aKrishnarajah,S 0aAlakiyal cL 001040708LaWERCLbWERCLcSSCd2024-03-31l0o 700 KRIp6543r2024-03-31w2024-03-31yL c4629d4629